Fr. Conceicao Rodrigues College of Engineering

Automobile Truck Leaf Springs & Mufflers (Record no. 33971)

MARC details
000 -LEADER
fixed length control field 00320nam a2200133Ia 4500
082 ## - DEWEY DECIMAL CLASSIFICATION NUMBER
Classification number 658
100 ## - MAIN ENTRY--PERSONAL NAME
Personal name National Productivity Council
245 ## - TITLE STATEMENT
Title Automobile Truck Leaf Springs & Mufflers
260 ## - PUBLICATION, DISTRIBUTION, ETC.
Name of publisher, distributor, etc. National Productivity Council
Date of publication, distribution, etc. 2001
300 ## - PHYSICAL DESCRIPTION
Extent 56
546 ## - LANGUAGE NOTE
Language note ENGLISH
654 ## - SUBJECT ADDED ENTRY--FACETED TOPICAL TERMS
Focus term automobile
942 ## - ADDED ENTRY ELEMENTS (KOHA)
Koha item type BOOK
Holdings
Withdrawn status Lost status Damaged status Not for loan Collection Home library Current library Shelving location Date acquired Cost, normal purchase price Total Checkouts Full call number Barcode Date last seen Cost, replacement price Price effective from Koha item type
        AFT Fr. Agnel's C.Rodrigues College of Engineering Fr. Agnel's C.Rodrigues College of Engineering   17/03/2023 3.10   658 AFT362 17/03/2023 3.10 17/03/2023 BOOK